PARIS, TEXAS (Record n. 105062)

Dettagli MARC
000 -LEADER
fixed length control field 02225agaaa2200325 4500
001 - CONTROL NUMBER
control field 7857
003 - CONTROL NUMBER IDENTIFIER
control field IT-RoPAU
005 - DATE AND TIME OF LATEST TRANSACTION
control field 20220918181228.0
007 - PHYSICAL DESCRIPTION FIXED FIELD--GENERAL INFORMATION
fixed length control field d cvaizq
008 - FIXED-LENGTH DATA ELEMENTS--GENERAL INFORMATION
fixed length control field 50131s9999||||xx ||| | || ||und||
040 ## - CATALOGING SOURCE
Original cataloging agency IT-RoPAU
Transcribing agency IT-RoPAU
041 ## - LANGUAGE CODE
Language code of text/sound track or separate title ITALIANO
100 ## - MAIN ENTRY--PERSONAL NAME
Personal name Wenders Wim
Miscellaneous information Codice regista SPICS: 499
9 (RLIN) 39244
130 ## - MAIN ENTRY--UNIFORM TITLE
Uniform title PARIS, TEXAS
9 (RLIN) 39245
245 ## - TITLE STATEMENT
Title PARIS, TEXAS
Statement of responsibility, etc. Sceneggiatura: Shepard Sam Carson Kit L.M. -- Diretto da: Wenders Wim
Name of part/section of a work PARIS, TEXAS (Rif. Codice opera principale : H7857)
250 ## - EDITION STATEMENT
Edition statement Edizione Standard
260 ## - PUBLICATION, DISTRIBUTION, ETC. (IMPRINT)
Place of publication, distribution, etc. BERLINO (FRA - GER - UK - USA)
Name of publisher, distributor, etc. ROAD MOVIES - ARGOS FILM / Distribuzione: CIAK
Date of manufacture "1984 (1° ed.: 2007 ; Ed. Lingua Orig.: 1984)"
300 ## - PHYSICAL DESCRIPTION
Extent DVD
Other physical details sonoro, col.
Dimensions 139 minuti
508 ## - CREATION/PRODUCTION CREDITS NOTE
Creation/production credits note "Fotografia: Muller Robby; Montaggio: Przygodda Peter; Musica: Cooder Ry; Sceneggiatura: Shepard Sam Carson Kit L.M.; Scenografia: Altman Kate; Soggetto: Shepard Sam -- Carson Kit L.M."
511 ## - PARTICIPANT OR PERFORMER NOTE
Participant or performer note "Kinski Nastassja; Stanton Harry; Dean; Stockwell Dean; Clement Aurore; Carson Hunter"
520 ## - SUMMARY, ETC.
Summary, etc. "DATO PER DISPERSO, TRAVIS E' RACCOLTO AI MARGINI DEL DESERTO TEXANO. TORNATO IN FAMIGLIA TROVA IL FIGLIOLETTO HUNTER, CHE LA MOGLIE JANE PRIMA DI SPARIRE ANCHE LEI, AVEVA AFFIDATO AI COGNATI. UN GIORNO, SAPUTO CHE LA DONNA COMPIE OGNI MESE UN VERSAMENTO A FAVORE DEL FIGLIO, PARTE CON LUI A RICERCARLA. TRAVIS E JANE SI RITROVERANNO IN UN PEEP SHOW DOVE, IN UNA DRAMMATICA CONVERSAZIONE TRAMITE L'INTERFONICO, CHIARIRANNO I MOTIVI DELLA LORO SEPARAZIONE PER POI DI NUOVO LASCIARSI... PALMA D'ORO E PREMIO FIPRESCI AL FESTIVAL DI CANNES 1984. CONTENUTI EXTRA: TRAILER CINEMATOGRAFICO; COMMENTO AL FILM DI WIM WENDERS; CIAK E SCENE TAGLIATE COMMENTATE DA WIM WENDERS; BACKSTAGE S8; INTERVISTA A WIM WENDERS."
538 ## - SYSTEM DETAILS NOTE
System details note PAL, STEREO
546 ## - LANGUAGE NOTE
Language note ITALIANO
650 ## - SUBJECT ADDED ENTRY--TOPICAL TERM
Topical term or geographic name as entry element DRAMMATICO
Relator term DVD-FILM [DVD]
General subdivision Codice MATERIA SPICS: 9947
9 (RLIN) 39246
700 ## - ADDED ENTRY--PERSONAL NAME
Personal name Carson Kit L.M.
Relator term (soggetto)
Miscellaneous information Codice Soggetto 2° SPICS: 18980
9 (RLIN) 39247
700 ## - ADDED ENTRY--PERSONAL NAME
Personal name Cooder Ry
Relator term (musica)
Miscellaneous information Codice Musica SPICS: 11321
9 (RLIN) 39248
700 ## - ADDED ENTRY--PERSONAL NAME
Personal name Shepard Sam
Relator term (soggetto)
Miscellaneous information Codice Soggetto SPICS: 22867
9 (RLIN) 39249
700 ## - ADDED ENTRY--PERSONAL NAME
Personal name Wenders Wim
Relator term (regista)
Miscellaneous information Codice regista SPICS: 499
9 (RLIN) 39250
942 ## - ADDED ENTRY ELEMENTS (KOHA)
Koha item type DVD
Source of classification or shelving scheme Dewey Decimal Classification
Dati di copia
Withdrawn status Lost status Damaged status Not for loan Home library Current library Date acquired Total Checkouts Full call number Date last seen Price effective from Koha item type Public note
    Buone Condizioni Not For Loan SPICS-MEDIATECA SPICS-MEDIATECA 31/01/2015   H7857 31/01/2015 31/01/2015 DVD Progr. Ins.: 3616 / N.Vol.:1 / Copie: 1 / Pag.:0 / Copia rara: n.d. / date import: 1.2.2015 / By Epidotti, Trombetti, Vaglietti
CREDITS: SOCIETA' SAN PAOLO Via A.Severo, 58 - ROMA (RM) & PERIODICI SAN PAOLO SRL Via Giotto, 36 MILANO & CISF Via Giotto, 36 MILANO & EDIZIONI SAN PAOLO SRL,  Piazza Soncino, 5 CINISELLO BALSAMO (MI) -- ITALY